000
00268nam a2200121Ia 4500
008
190216s9999||||xx |||||||||||||| ||und||
100
_a
Emily Bronte
245
0
_a
Wuthering Heights
260
_b
Heron Books
_c
19
300
_a
349p
650
_a
Speeches
942
_c
BK
999
_c
11962
_d
11962